[Event "GEO-ch"]
[Site "Tbilisi"]
[Date "2001.03.31"]
[Round "2.1"]
[White "Kekelidze, Mikheil"]
[Black "Makharadze, Jambul"]
[Result "1-0"]
[WhiteElo "2512"]
[BlackElo "2305"]
[PlyCount "130"]
[EventDate "2001.??.??"]
[EventType "k.o."]
[EventRounds "5"]
[EventCountry "GEO"]
[SourceTitle "EXT 2004"]
[Source "ChessBase"]
[SourceDate "2003.11.25"]
[SourceVersion "1"]
[SourceVersionDate "2003.11.25"]
[SourceQuality "1"]

1. d4 Nf6 2. Nf3 e6 3. c4 c5 4. d5 exd5 5. cxd5 d6 6. Nc3 g6 7. e4 Bg7 8. h3 0-0 9. Bd3 a6 10. 0-0 Nbd7 11. Bg5 Re8 12. Qd2 Qc7 13. Rfe1 b5 14. a3 Bb7 15. Rad1 Rac8 16. Qf4 Nh5 17. Qd2 Nhf6 18. Nh2 Ba8 19. Nf1 c4 20. Bc2 Qb6 21. Ng3 Nc5 22. Bh6 Bh8 23. Be3 Nfd7 24. f4 Qd8 25. Bd4 Nd3 26. Bxh8 Nxe1 27. Bd4 Nxc2 28. Qxc2 Qh4 29. Qf2 f6 30. Rf1 Rf8 31. Qf3 Nc5 32. Bf2 Nd3 33. Nf5 Qxf4 34. Ne7+ Kg7 35. Qxf4 Nxf4 36. Nxc8 Rxc8 37. Bd4 g5 38. g3 Nh5 39. Rf5 Kg8 40. g4 Nf4 41. Rxf6 Rd8 42. Kh2 Nd3 43. Rf5 Rd7 44. Rxg5+ Kf8 45. Rf5+ Rf7 46. Ne2 Rxf5 47. gxf5 Bb7 48. Kg3 a5 49. Bb6 b4 50. Bxa5 c3 51. Bxb4 c2 52. Bxd6+ Kf7 53. Bf4 Ba6 54. Nc1 Nxb2 55. e5 Nc4 56. e6+ Kf6 57. d6 Nxd6 58. Bxd6 Kxf5 59. e7 Bb5 60. Kf3 Kg5 61. Ke3 Kh4 62. Kd2 Kxh3 63. Nb3 Kg4 64. Nd4 Ba4 65. Ne6 Kf5 1-0

[Event "GEO-ch 60th 1 Liga"]
[Site "Tbilisi"]
[Date "2000.04.??"]
[Round "3"]
[White "Makharadze, Jambul"]
[Black "Arutinian, David"]
[Result "0-1"]
[WhiteElo "2295"]
[BlackElo "2266"]
[PlyCount "62"]
[EventDate "2000.??.??"]
[EventType "swiss"]
[EventRounds "9"]
[EventCountry "GEO"]
[SourceTitle "EXT 2004"]
[Source "ChessBase"]
[SourceDate "2003.11.25"]
[SourceVersion "1"]
[SourceVersionDate "2003.11.25"]
[SourceQuality "1"]

1. d4 d5 2. c4 c6 3. cxd5 cxd5 4. Nc3 Nf6 5. Nf3 Nc6 6. Bf4 e6 7. e3 Be7 8. Bd3 0-0 9. Ne5 Na5 10. g4 Nd7 11. h4 Nxe5 12. dxe5 Nc6 13. g5 d4 14. Ne4 Nxe5 15. Bxe5 Qa5+ 16. Kf1 Qxe5 17. f4 Qd5 18. Qg4 Kh8 19. Ke2 Bd7 20. a4 Bc6 21. Rhd1 Rad8 22. Qf3 dxe3 23. Qxe3 Qb3 24. Rd2 Qb4 25. g6 Rxd3 26. Qxd3 Bxe4 27. Qd4 Qxd4 28. Rxd4 Bc6 29. gxf7 Rxf7 30. b4 h6 31. Ra3 Bxh4 0-1

[Event "GEO-ch"]
[Site "Tbilisi"]
[Date "1998.??.??"]
[Round "?"]
[White "Kacheishvili, Giorgi"]
[Black "Makharadze, Jambul"]
[Result "1-0"]
[WhiteElo "2520"]
[BlackElo "2280"]
[PlyCount "63"]
[EventDate "1998.??.??"]
[EventType "swiss"]
[EventRounds "9"]
[EventCountry "GEO"]
[SourceTitle "EXT 2002"]
[Source "ChessBase"]
[SourceDate "2001.11.25"]
[SourceVersion "1"]
[SourceVersionDate "2001.11.25"]
[SourceQuality "1"]

1. c4 c6 2. e4 d5 3. cxd5 cxd5 4. exd5 Nf6 5. Qa4+ Nbd7 6. Nc3 g6 7. Nf3 Bg7 8. Qb3 0-0 9. Bc4 a6 10. a4 Nc5 11. Qb4 Qd6 12. 0-0 Bg4 13. d4 Nce4 14. Qxd6 Nxd6 15. Be2 Nf5 16. Be3 Rfd8 17. Rfc1 Nxe3 18. fxe3 Bh6 19. Kf2 Nxd5 20. Nxd5 Rxd5 21. Rc7 Rd7 22. Rac1 f6 23. h3 Bf5 24. g4 Rxc7 25. Rxc7 Be4 26. Rxe7 Bd5 27. Rc7 Re8 28. Rc3 Kh8 29. Nd2 f5 30. Bf3 f4 31. e4 Bc6 32. e5 1-0

[Event "GEO-ch"]
[Site "Tbilisi"]
[Date "1998.??.??"]
[Round "?"]
[White "Makharadze, Jambul"]
[Black "Kacheishvili, Giorgi"]
[Result "1/2-1/2"]
[WhiteElo "2280"]
[BlackElo "2520"]
[PlyCount "88"]
[EventDate "1998.??.??"]
[EventType "swiss"]
[EventRounds "9"]
[EventCountry "GEO"]
[SourceTitle "EXT 2002"]
[Source "ChessBase"]
[SourceDate "2001.11.25"]
[SourceVersion "1"]
[SourceVersionDate "2001.11.25"]
[SourceQuality "1"]

1. d4 Nf6 2. c4 e6 3. Nf3 d5 4. Nc3 Bb4 5. Bg5 h6 6. Bxf6 Qxf6 7. e3 0-0 8. Qc2 c5 9. a3 Bxc3+ 10. bxc3 Nc6 11. Bd3 dxc4 12. Bxc4 cxd4 13. cxd4 e5 14. dxe5 Nxe5 15. Nxe5 Qxe5 16. 0-0 b5 17. Bd3 Bd7 18. Rac1 Rfc8 19. Qd2 Rc5 20. Rxc5 Qxc5 21. Be4 Re8 22. Qxd7 Rxe4 23. Rd1 g6 24. g3 Kg7 25. Kg2 a6 26. Qd6 Qxd6 27. Rxd6 Ra4 28. Rd3 g5 29. h3 Kf6 30. f4 gxf4 31. exf4 Kf5 32. Kf3 Rc4 33. g4+ Ke6 34. h4 a5 35. h5 f6 36. Ke3 b4 37. axb4 Rxb4 38. Rd8 Rb3+ 39. Ke4 Rb4+ 40. Ke3 Rb3+ 41. Ke4 Rb4+ 42. Ke3 a4 43. Ra8 Rb3+ 44. Ke4 Rb4+ 1/2-1/2